000 01352nam a2200373 i 4500
001 57360
003 CO-BoRNBP
005 20250620160240.0
007 ta
008 201126s2018 ck a|||br|||| 00| j spa d
020 _a9789585651357
040 _aCO-BoRNBP
_bspa
_erda
_cCO-BoRNBP
041 0 _aspa
084 _aC MAL13
100 1 _aMalpica Rodríguez, Luz Stella
_eautora
_960422
245 1 1 _a¡Baila Akin!
_cLuz Stella Malpica Rodríguez ; ilustraciones por Diana Castro
250 _aPrimera edición
264 1 _aBogotá
_bEditorial Tagigo
_c2018
300 _a56, [4] páginas
_bilustraciones
_c20 cm
336 _2rdacontent
_atexto
_btxt
337 _2rdamedia
_asin mediación
_bn
338 _2rdacarrier
_avolumen
_bnc
490 0 _aASERE. Diálogo de saberes para vivir la paz
490 0 _aLectura infantil
490 0 _aParte de la serie la travesía del áyànmó i'npín ni'iwa'
521 _aRecomendado para un público infantil mayor de 9 años
650 0 7 _aFamilias negras
_vCuentos
_2LEMB
_960423
650 0 0 _aAfrocolombianos
_xVida social y costumbres
_vCuentos
_2LEMB
_960424
650 0 0 _aDanzas
_vCuentos
_2LEMB
_960425
650 0 0 _aCuentos infantiles colombianos
_ySiglo XX
_2LEMB
_92372
650 0 7 _aLiteratura infantil colombiana
_2LEMB
_934
700 1 _aCastro, Diana
_eilustradora
_960426
942 _2loc
_cBKLIT
999 _c57360
_d57360